[Event "Redbus KO"]
[Site "Southend"]
[Date "2000.??.??"]
[Round "2.1"]
[White "Rowson, Jonathan"]
[Black "Turner, Matthew"]
[Result "1-0"]
[WhiteElo "2499"]
[BlackElo "2487"]
[Annotator "Rowson,J"]
[PlyCount "141"]
[EventDate "2000.04.21"]
[EventType "k.o."]
[EventRounds "4"]
[EventCountry "ENG"]
[SourceTitle "CBM 076"]
[Source "ChessBase"]
[SourceDate "2000.05.31"]
[SourceVersion "1"]
[SourceVersionDate "2000.05.31"]
[SourceQuality "1"]

{[%mdl 4100]} 1. e4 e5 2. Nf3 Nc6 3. Bb5 a6 4. Bxc6 dxc6 5. O-O Bd6 6. d4 exd4
7. Qxd4 f6 8. c4 $6 {Although anything Rozentalis does in the exchange Spanish
is noteworthy, this particular idea seems a bit suspicious. I think White is
better off sticking to the main line:} (8. Be3 Ne7 (8... Be6 $5 9. Nbd2 Qe7 10.
Nc4 Bb4 {Hebden.}) 9. Nbd2 Be6 10. Qc3 $1 O-O (10... Ng6 11. Nd4 Bf7 12. Nf5
$14 {Prie.}) 11. Nc4 $14) 8... c5 9. Qe3 Ne7 10. b3 O-O {During the game I was
rather concerned that Black might try to exploit my d4 weakness immediately:} (
10... Nc6 $5 11. Bb2 (11. Nc3 Nd4 $1) (11. Rd1 Bxh2+) 11... Bg4 12. Nbd2 O-O
13. h3 Bh5 14. g4 Bf7 15. Nh4 Be5 16. Bxe5 fxe5 $15) 11. Ba3 b6 12. Nc3 Ng6 $6
{According to Mark Hebden ("Hebbo") this is mistaken because it's important to
keep the knight on e7 to cover f5 and d5. Indeed, if the knight stays on e7
Black seems to have a lot of obvious moves to play before thinking whilst
White's ideas are less evident.} (12... Bb7 13. Rad1 Qe8 $132 {Black now plans
...Qh5, Rae8, and a timely ...f5. It's not at all clear to me how White should
stop this idea.} {After} 14. Rfe1 {we have transposed into Rozentalis-Hebden,
Hastings 1997/98. Hebbo assures me that he was better in this game which
proceeded as follows:} Qh5 15. Ne2 Rae8 16. Ng3 Qg4 (16... Bxg3 $5 17. hxg3 f5)
17. h3 Qe6 18. Nh4 Nc6 (18... Qf7 $5) 19. Nhf5 Nd4 20. Nxd6 cxd6 21. Qd2 {
White seems to be slightly better here and went on to win. Perhaps Hebbo
realised the importance of keeping the knight on e7 after this game. In any
case I don't think Black is worse on move fifteen.}) 13. Rad1 Bb7 14. Nd5 Bxd5
$2 {Co-operative. Although it is a tad awkward to defend e4 after this,
without the two bishops Black's counterplay is likely to come to an end
eventually.} (14... Qe8 $5 15. Nxb6 (15. Qd3 Rd8) (15. Rfe1 Qf7 16. Bb2 Rae8
17. Qd3 Re6 $5 $13) 15... Bf4) (14... Qd7 $5) 15. Rxd5 Qe7 16. Bb2 Rfe8 17. Re1
Rad8 18. g3 $1 {[%csl Gf4,Rg1,Rg2,Rh3] Not a move to be played casually,
especially against a trickster like Mathew, but after some deliberation I
realised that controlling f4 and avoiding back rankers was well worth the
light squared weaknesses this move creates. Moreover, I had a chat with my
pieces at this point, and my king volunteered itself for the g2 square. You
may think I'm joking, mad, or both, but I'm not. Talking to your pieces is one
of the best ways to access your intution, as I will illustrate in my
forthcoming book, "The Seven Deadly Chess Sins".} c6 {Somewhat anti-positional,
weakening b6 and c6, but ther is no compelling alternative.} (18... Ne5 19.
Bxe5 $1 {McShane.} Bxe5 20. Nxe5 fxe5 21. Red1 $16) (18... Qe6 19. Kg2 Qg4 20.
h3 Nf4+ 21. Qxf4 $18 {An important line which helped me decide to play g3.})
19. Rd2 Bc7 20. Kg2 Rxd2 21. Qxd2 Qe6 22. h3 $1 {[%csl Gg4] Now I have shored
up my kingside and co-ordinated my pieces. Black has to hit me with something
or I will gradually assume the initiative, and slowly create a passed pawn on
the kingside. I had anticipated Mathew's next move, because anything else
leaves Black somewhat planless.} h5 $5 {[%cal Rh5h4]} (22... Re7 23. Qe3 {
The problem for Black is that all exchanges favour white, because the more
pieces I exchange, the easier it is to utilise my kingside majority without
weakening my king.} Re8 24. Re2 Re7 25. Ne1 $5 f5 (25... Be5 26. Bxe5 Nxe5 27.
f4 Nf7 28. Nf3 $16) 26. exf5 Qxf5 27. Qxe7 Nxe7 28. Rxe7 $36) 23. e5 $1 {
[%csl Rg5][%cal Gb2g7,Ge1e5,Gd2g5,Gf3e5,Gf3g5] A largely inutive decision,
played quite quickly for psychological effect. This move clearly came as a
surprise to my opponent but I had been aware of the possibility when deciding
to play g3. All of my pieces are happy with this move which has the strange
effect of transforming defenders to attackers in white's camp and vice-versa
for Black. The fact that Black's "extra" pawn is in no danger of becoming
passed in the near future(c6) means that even if my judgement was incorrect
I'm only going to be slightly worse at worst. There are a few variations to
calculate, but the move felt so obviously correct that I let me opponent worry
about them while I went to get a coffee.} Nxe5 (23... fxe5 24. Qg5 (24. Ng5 $5
$13 {[%csl Rc7,Re5,Rg6,Rg8][%cal Gc7e5,Gg6e5] Even a quieter approach like
this seems to favour White because both of Black's minor pieces are very
passive and Black has weak(or, rather, tender) pawns on both sides of the
board and my king is relatively more comfortable than Black's.}) 24... Qf7 $1 {
I think we both missed this one but White still seems to be better.} (24... e4
25. Nd2 $16) 25. Nxe5 Bxe5 26. Bxe5 h4 27. Bc3 Rf8 28. Qe3 $14) (23... Bxe5 {
Maybe the best.} 24. Nxe5 fxe5 25. Qg5 (25. Rd1 $5) 25... h4 26. f4 Qf6 27.
Qxf6 gxf6 28. fxe5 hxg3 (28... fxe5 29. Rd1 e4 30. Rd6 $16) 29. Kxg3 Nxe5 30.
Bxe5 fxe5 31. Rd1 $14 {(Maybe more, but certainly Black is the one trying to
equalise). It's funny that Fritz thinks Black is better here; perhaps this
suggests that the exchange spanish is a good choice against computers; how are
they to make sense of Black's fourth pawn on the queenside? I am aware that it
is dangerous to underestimate the more advanced programmes on such issues, but
it must be near impossible to programme a computer in this respect. I am no
expert on these matters, but if the computer thinks a pawn is worth one point,
which of the queenside pawns is worth less than one? Is it that both c6 and c5
are less than one-are they as little as a half each? The c6 pawn makes it
difficult for Black to defend laterally, with a rook on e6 for example; does
that mean that the queenside would have a much greater value if the pawn were
on c7? (K&P ending is still lost). Can the four even be considered as a
cluster? Are the four worth more than the three white ones, given that White's
are less likely to be atacked? I have no idea really, but given that humans
find it hard to weigh material and quality considerations like this, it must
be a nightmare for programmers....or maybe I'm completely wrong...? Is it just
a question of crunching through variations to reach the correct assessement,
or can a sophisticated evaluative function get it right here? By the way, in
all this I'm assuming that my understanding of this position as better for
White is correct; I may be wrong about that too; but White's king and rook
look better than Black's, so I doubt it.}) 24. Nxe5 fxe5 (24... Bxe5 25. f4)
25. Qg5 Qh6 (25... g6 26. f4 e4 (26... Rd8 27. Bxe5 Rd2+ 28. Kg1 Bxe5 29. fxe5
$16) 27. Qh6 $18 {Another important and thematic line which is one of the few
I think I really had to see before playing e5.}) 26. Qxh6 gxh6 27. Re4 $1 $16 {
[%csl Rc6,Re5,Rh5,Rh6] With this move I settled down to a long and pleasant
grind where my opponent will have to squirm around while I probe for ways to
transform advantages. Originally, while getting my coffee, I had intended the
force the issue here with} (27. f4 e4 28. Be5 {but this releases the tension
too soon and with best play Black seems to escape:} Bxe5 29. Rxe4 Rd8 $1 {
Mathew had intended} (29... Kf7 30. fxe5 Ke6 31. Rh4 Kxe5 32. Rxh5+ Kd4 33.
Rxh6 Re2+ 34. Kf3 Rxa2 {but he hadn't seen} 35. Re6 $1 {which retains the
advantage.}) 30. fxe5 Rd2+ 31. Kf3 Rxa2 32. e6 Kf8 {and Black may even be
better.}) 27... Kf7 28. Kf3 Kg6 29. Ke2 {My long term plan is to get my king
to e4, put the rook on g1, and play for g4, but I thought there was no harm in
probing in other ways for a while, especially since the Fischer clock granted
us 30 seconds extra per move. Moreover, I suspected that with perfect defence
I couldn't win this position so I thought I'd encourage my opponent to become
complacent by giving the impression that I didn't know what I was doing, and
then pounce on him just when he thinks the draw is in sight.} Kf5 30. Rh4 Kg6
31. Bc1 {[%cal Gg3g4]} Bd8 32. Re4 Bc7 33. Rh4 {I'm sure most chessplayers
know that repeating the position is a useful technique when you are slightly
better in a technical position, but you have to have faced it or done it
before you realised just how valuable it is. Given that 23.e5 forced Mathew
onto the defensive he would have been well prepared psychologically to find a
few accurate moves if I had tried somthing direct here. But by faffing around
for a while it may seem to my opponent that I am the one under pyscholical
pressure, because I have to prove something here. But this is not really the
case and the more he feels that his obvious defensive moves are adequate, the
less likley he is to probe deeply for subtle defensive moves when the need
arises.} Bd8 34. Re4 Bc7 35. Bd2 Re6 36. f3 Re8 37. Be1 Re6 38. Bc3 {[%cal
Gf3f4] I think I'm threatening f4 here in the short term, which may help to
disguise my long term threats based on g4.} Kf7 (38... Bd6 39. f4 Kf5 40. Kf3
exf4 41. g4+) 39. Ke3 Re8 40. Kf2 Re6 41. Re1 Kg6 42. Ke3 Kf5 43. g4+ Kg6 (
43... Kg5 {was more troubling, but it doesn't change very much. Black is
unlikely to go for such an active approach unless he feels that I am
threatening something and I haven't given that impression yet.} 44. Rh1 $5 Rf6
45. Bd2 Kh4 46. Be1+ Kg5 47. Rg1 hxg4 48. hxg4 h5 49. Rh1 hxg4 50. Bh4+) 44.
Ke4 Rf6 45. Bd2 Rd6 46. Be3 Rd7 47. Re2 $1 {A strong waiting move, maybe
threatening Rd2 but mainly designed to encourage his rook onto the d8-h4
diagonal, which will prevent his bishop defending there.} Re7 {It's not easy
for Black to defend everything but this clumsy piece placement makes it more
difficult.} (47... Rf7 48. Rd2 $5 {Zugzwang, in that Black has to change the
position.} h4 49. Bf2 Kg5 50. Be3+ Kg6 {In cases where the pawn goes to h4 I
had intended to reroute my pieces to attack e5 and prepare f4. The following
lines are by no means exhaustive, but it seems to me that Black has as much
chance of drawing after ...h4 as White has of winning.} 51. Rd1 Re7 52. Bc1 Rf7
53. Rd3 Re7 54. Bb2 Kg5 55. Ke3 h5 $6 (55... Kg6 56. Rd1 Kg5 57. Bc3 Kg6 58.
Re1 Rd7 59. Ke4 Re7 60. Kd3 Rf7 61. Re3 Rf4 (61... Rd7+ 62. Ke2 Re7 63. Re4 Bd6
64. Be1 Kg5 65. Bd2+ Kg6 66. Bc1 Rd7 67. f4 $5 exf4 68. Re6+ Kg5 69. Bb2 Be7 $2
70. Bg7 $18) 62. Ke2 Kf6 63. Be1 Kg5 64. Rc3 Rf7 65. Bd2+ Kg6 66. Re3 Rf4 67.
Bc3 Kf6 68. Rd3 Ke6 69. Be1 {This looks like an instructive way forward but
after...} b5 $5 $13 {The sleeping giant awakes and the position looks unclear.}
) 56. Ke4 hxg4 57. fxg4 Rf7 58. Bc1+ Kg6 59. Rf3 {White is at least better,
and probably winning.}) 48. Rg2 {[%cal Rg4g5]} Rd7 $4 {Missing my principal
threat.} (48... h4 {was forced, after Which we get variations similar to those
above.} 49. Rd2 Rf7 50. Rd1 Re7 51. Bc1 Rf7 52. Re1 Re7 53. Bb2 Rf7 54. Bc3 Re7
55. Kd3 Rf7 56. Re3 Kg5 57. Ke2 Re7 58. Re4 Bd6 {It's far from clear to me how
White can strengthen his position.}) 49. g5 $1 $18 {Curious, that with all my
pawns on light squares, Mathew should miss this decisive dark square shot.}
hxg5 50. Rxg5+ Kf6 51. Rxh5 Bd6 52. Rh6+ Kg7 53. h4 $1 {Now it's easy.} b5 54.
h5 a5 55. Rg6+ Kh7 56. a4 $1 bxa4 57. bxa4 Rd8 58. Bg5 Rd7 59. Rh6+ Kg7 60.
Rg6+ Kh7 61. Re6 Bf8 62. Rxc6 Rd4+ 63. Kf5 e4 64. fxe4 Rd7 65. Ra6 Bg7 66. e5
Rf7+ 67. Bf6 Bf8 68. Rxa5 Kg8 69. Ra8 Rh7 70. e6 Rxh5+ 71. Kg4 1-0

[Event "ISR-chT"]
[Site "Israel"]
[Date "1999.04.09"]
[Round "7"]
[White "Rozentalis, Eduardas"]
[Black "Liss, Eran"]
[Result "1-0"]
[WhiteElo "2577"]
[BlackElo "2513"]
[Annotator "Rozentalis,E"]
[PlyCount "85"]
[EventDate "1999.01.??"]
[EventType "team"]
[EventRounds "11"]
[EventCountry "ISR"]
[SourceTitle "CBM 070"]
[Source "ChessBase"]
[SourceDate "1999.06.08"]
[SourceVersion "1"]
[SourceVersionDate "1999.06.08"]
[SourceQuality "1"]

1. e4 e5 2. Nf3 Nc6 3. Bb5 a6 4. Bxc6 dxc6 5. O-O Qd6 6. d3 f6 7. Be3 Bg4 8.
Nbd2 Ne7 9. b4 Ng6 (9... Qxb4 10. Rb1) 10. Bc5 $146 ({new , though very
natural move. Before this game} 10. Rb1 {was played.}) 10... Qd7 11. Qe1 {
in order to move the queen to e3, where it could take part in protecting king
side and at the same time, providing actions in the centre and queen side.} a5
$13 {Black goes to sharp position, I would prefer to go on with development of
king side.} 12. a3 axb4 13. axb4 Rxa1 14. Qxa1 Nf4 $6 {Going ahead, when king
side is not yet developed. After that, white is compelled to sacrifice a piece,
but it promices white really strong attack.} (14... Kf7 $142) 15. Nxe5 $1 Ne2+
$8 (15... fxe5 16. Qxe5+ Ne6 17. f3 Bd6 18. Bxd6 cxd6 19. Qa5 $18) 16. Kh1 fxe5
17. Qxe5+ Qe6 18. Qg5 $2 (18. Qxc7 $142 Bxc5 19. bxc5 O-O 20. Qxb7 Qh6 21. Qb4
$14) 18... Bxc5 (18... h6 19. Qe3 Bxc5 (19... Nc3 20. f3 Bh5 21. Bxf8 Rxf8 22.
Qc5) 20. bxc5 Nc3 21. d4 {having such a strong centre, white has full
compensation}) (18... Qg6 $142) 19. bxc5 O-O $2 {This loosing back a piece.} (
19... h6 $2 20. Qxg7) (19... Qg6 $142) 20. f3 Qa2 21. fxg4 $2 (21. Qxg4 $1 Qxc2
22. Nc4 Qxd3 23. Qe6+ Kh8 24. Ne5 Ng3+ 25. hxg3 Qxf1+ 26. Kh2 g6 27. Qe7 Kg8
28. Ng4 Qc1 29. f4) 21... Rxf1+ 22. Nxf1 h6 $3 (22... Qxc2 23. Qd8+ $18) 23.
Qd2 Nd4 {Suddenly black gained good counterplay.} 24. c4 (24. c3 Qa1 25. Kg1
Nb3 $132) 24... Qa3 25. h3 Qxc5 26. Ng3 Ne6 27. Nf5 Qe5 {In spite of pawn down,
black has very solid position, and white is now only slightly better.} 28. Qa2
Nf4 (28... Kh7 $142 29. c5 $2 Nxc5 30. d4 Qe6) 29. Qb1 c5 30. Qf1 Kh8 31. g3
Ne6 32. h4 g6 33. Ne7 (33. Nxh6 Qxg3 $11) 33... Kg7 34. Kg2 Nd4 $4 $138 (34...
Qb2+ 35. Qf2 (35. Kh3 Qf6) 35... Qxf2+ 36. Kxf2 Kf6 $11) 35. Qf8+ $1 Kxf8 36.
Nxg6+ Ke8 37. Nxe5 c6 38. Nf3 Ne6 39. g5 hxg5 40. Nxg5 Nxg5 41. hxg5 b5 42.
cxb5 (42. Kf3 $4 b4 $11) 42... cxb5 43. Kf3 1-0

[Event "Balkaniad"]
[Site "Kavala"]
[Date "1990.??.??"]
[Round "?"]
[White "Spasov, Vasil"]
[Black "Sokolov, Ivan"]
[Result "1/2-1/2"]
[WhiteElo "2495"]
[BlackElo "2550"]
[Annotator "Schussler,H"]
[PlyCount "100"]
[EventDate "1990.10.??"]
[EventType "team"]
[EventRounds "6"]
[EventCountry "GRE"]
[SourceTitle "CBM 021"]
[Source "ChessBase"]
[SourceDate "1991.04.01"]
[SourceVersion "1"]
[SourceVersionDate "1991.04.01"]
[SourceQuality "1"]

1. e4 e5 2. Nf3 Nc6 3. Bb5 a6 4. Bxc6 dxc6 5. Nc3 Bd6 6. d4 exd4 7. Qxd4 f6 8.
Be3 Ne7 9. O-O-O Ng6 10. Qd2 Qe7 11. Nd4 Ne5 12. Qe2 Qf7 13. f4 Bg4 14. Nf3
Nxf3 15. gxf3 Be6 16. b3 f5 17. Kb1 Qe7 18. Rhg1 O-O-O 19. Bd4 Rhg8 20. Be5
Bxe5 21. fxe5 f4 22. Na4 Rxd1+ 23. Rxd1 Bf7 24. Qf2 Kb8 25. Nc5 Rd8 26. Rxd8+
Qxd8 27. e6 Be8 28. a4 b6 29. Nxa6+ Kb7 30. Nb4 Qd1+ 31. Ka2 Qd6 32. Nd3 c5 33.
Qh4 c4 34. bxc4 Qxe6 35. Nb2 Bxa4 36. Qxf4 (36. Nxa4 $2 Qxc4+ 37. Ka3 b5 38.
Nb2 b4+ 39. Ka4 Qxc2+ $19) 36... Bc6 37. Kb3 h6 38. h4 Qh3 39. Nd3 g5 40. hxg5
hxg5 41. Qxg5 Qxf3 42. e5 Qe2 43. Kc3 Be4 44. e6 Bxd3 45. Qd5+ Ka7 46. cxd3
Qe1+ 47. Kc2 Qe2+ 48. Kb3 Qd1+ 49. Kc3 Qe1+ 50. Kb3 Qb1+ 1/2-1/2

[Event "Munich SKA"]
[Site "Munich"]
[Date "1991.05.05"]
[Round "2"]
[White "Wahls, Matthias"]
[Black "Nunn, John DM"]
[Result "1-0"]
[WhiteElo "2560"]
[BlackElo "2600"]
[Annotator "Schussler,H"]
[PlyCount "115"]
[EventDate "1991.05.04"]
[EventType "tourn"]
[EventRounds "13"]
[EventCountry "GER"]
[EventCategory "14"]
[SourceTitle "CBM 023"]
[Source "ChessBase"]
[SourceDate "1991.08.01"]
[SourceVersion "1"]
[SourceVersionDate "1991.08.01"]
[SourceQuality "1"]

1. e4 e5 2. Nf3 Nc6 3. Bb5 a6 4. Bxc6 dxc6 5. O-O Bd6 6. d4 exd4 7. Qxd4 f6 8.
Be3 Ne7 9. Nbd2 Be6 10. Rfd1 O-O {10. - c5 Hort,V-Nunn,J, Munich 1991 Disk 23,
game} 11. Nc4 Bb4 (11... Bxh2+ $5 12. Kxh2 Qxd4 13. Rxd4 c5 14. Rd2 {14.Rd5!?}
Bxc4 15. Bxc5 Rf7) 12. a3 Qxd4 13. Nxd4 Bxc4 14. axb4 Rfd8 $10 15. Bf4 Rac8 16.
Nf3 Rxd1+ 17. Rxd1 Be6 18. Nd4 Bc4 19. f3 Kf8 20. Kf2 Ng6 {20. - Ke8} 21. Bg3
Ne5 22. f4 Ng4+ 23. Kf3 Nh6 24. h3 f5 25. exf5 Bd5+ 26. Kf2 Be4 27. c3 Bxf5 28.
Bh2 Kf7 29. Nf3 Re8 30. g4 Bc8 31. f5 g6 32. fxg6+ Kxg6 33. Bxc7 $16 Nf7 34.
Bf4 h5 35. Rg1 hxg4 36. hxg4 Re4 37. Nh4+ Kg7 38. Kf3 Re8 39. g5 Ne5+ 40. Bxe5+
Rxe5 41. Kf4 Re8 42. Nf3 Rf8+ 43. Ke4 Be6 44. Nd4 Bd5+ 45. Ke5 Kg6 46. Rg3 Rd8
47. Rg1 Rf8 48. Kd6 Rf2 49. b3 Rd2 50. Kc7 Rd3 51. Ne2 Rf3 52. Kxb7 Bxb3 53.
Rc1 Kxg5 54. Nd4 Rf7+ 55. Kxa6 Bd5 56. Kb6 Rf6 57. Rg1+ Kh5 58. Kc5 1-0